000 01100cam a2200289 i 4500
001 17450352
005 20141210153117.0
008 120831s2014 mau b 001 0 eng
010 _a 2012033066
020 _a9780132867542
020 _a0132867540
040 _aDLC
_beng
_cDLC
_erda
_dDLC
042 _apcc
050 0 0 _aLB 3044.8
_b.B85 2014
082 0 0 _a372.13
100 1 _aBullard, Julie.
245 1 0 _aCreating environments for learning :
_bbirth to age eight /
_cJulie Bullard, University of Montana Western.
250 _a2nd ed.
260 _aBoston :
_bPearson,
_cc2014.
300 _axxv, 456 pages :
_c28 cm.
_bcolored illustrations ;
504 _aIncludes bibliographical references (pages 418-448) and index.
650 0 _aClassroom learning centers.
650 0 _aEarly childhood education
_xActivity programs.
906 _a7
_bcbc
_corignew
_d1
_eecip
_f20
_gy-gencatlg
942 _2lcc
_cBK
_kFOR
999 _c276911
_d276911